[Event "C.to Sociale 2001"]
[Site "Lecce ITA"]
[Date "2002.01.20"]
[Round "8"]
[White "Patavia, Antonio"]
[Black "Inguscio, Giorgio"]
[Result "1-0"]
[WhiteElo "2098"]
[BlackElo "1759"]
[PlyCount "75"]
[EventDate "2001.12.29"]

1. e4 c5 2. Nf3 d6 3. d4 cxd4 4. Nxd4 Nf6 5. Nc3 e6 6. Bc4 Be7 7. Be3 a6 8. Bb3
O-O 9. Qe2 Qc7 10. g4 Nc6 11. Rg1 b5 12. g5 Nxd4 13. Bxd4 Nd7 14. Rg3 Re8 15.
O-O-O Bb7 16. f4 b4 17. Nb1 Qc6 18. Nd2 a5 19. f5 a4 20. g6 hxg6 21. fxg6 Nf6
22. gxf7+ Kxf7 23. Rdg1 Rg8 24. Bc4 Ba6 25. e5 dxe5 26. Bxe5 Bxc4 27. Nxc4 Rac8
28. b3 axb3 29. axb3 Rcd8 30. Bxf6 Bxf6 31. Ne5+ Bxe5 32. Qxe5 g6 33. Rf1+ Ke8
34. Qf6 Kd7 35. Qd4+ Kc8 36. Qxb4 Qa6 37. Rc3+ Kd7 38. Rf7+ 1-0

[Event "C.to Provinciale CR"]
[Site "Crema ITA"]
[Date "2001.01.??"]
[Round "1"]
[White "Poletti, Fausto"]
[Black "Righini, Giovanni"]
[Result "1/2-1/2"]
[WhiteElo "1776"]
[BlackElo "1728"]
[PlyCount "76"]
[EventDate "2001.01.13"]

1. c4 Nf6 2. Nc3 d5 3. cxd5 Nxd5 4. Nf3 g6 5. g3 Bg7 6. Bg2 O-O 7. O-O c5 8.
Ng5 e6 9. Nge4 b6 10. d3 Bb7 11. Qb3 Nxc3 12. Nxc3 Bxg2 13. Kxg2 Nc6 14. Be3
Nd4 15. Bxd4 Qxd4 16. Rab1 Rfd8 17. Qa4 Qxa4 18. Nxa4 Rac8 19. b3 b5 20. Nb2
Rd6 21. a4 Bxb2 22. Rxb2 bxa4 23. bxa4 Ra6 24. Ra1 Rc7 25. Rb5 c4 26. dxc4 Rxc4
27. a5 Kg7 28. Kf3 h5 29. h4 Kf6 30. Ke3 e5 31. Rd1 Ke6 32. Rdd5 f6 33. Kd3 Ra4
34. e4 Ra2 35. Ke3 Ra3+ 36. Ke2 Ra4 37. Ke3 Ra3+ 38. Ke2 Ra4 1/2-1/2

[Event "C.to Provinciale CR"]
[Site "Crema ITA"]
[Date "2001.01.??"]
[Round "1"]
[White "Raimondi, Celso"]
[Black "Folcini, Gaddo"]
[Result "1-0"]
[WhiteElo "1558"]
[BlackElo "1419"]
[PlyCount "89"]
[EventDate "2001.01.13"]

1. d4 e5 2. dxe5 Nc6 3. Nf3 d5 4. exd6 Bxd6 5. e3 Nf6 6. Nc3 O-O 7. Bd3 Ne5 8.
Nxe5 Bxe5 9. Ne4 Ng4 10. Qf3 f5 11. Ng3 Be6 12. Qe2 f4 13. exf4 Qd4 14. h3 Qb4+
15. Kf1 Nxf2 16. Qxe5 Nxh1 17. Nxh1 Rae8 18. Qe4 Qd6 19. Qxh7+ Kf7 20. Nf2 Bd5
21. f5 Qh2 22. Qg6+ Kg8 23. Qg4 Bxg2+ 24. Qxg2 Re1+ 25. Kxe1 Qxg2 26. Be3 Qg1+
27. Bf1 Rxf5 28. Rd1 Rf3 29. Ke2 Qg3 30. Rd3 Rf8 31. b3 Qf3+ 32. Kd2 Qf5 33.
Be2 Qa5+ 34. Rc3 Rd8+ 35. Bd3 c5 36. Ne4 b6 37. a4 Qb4 38. Ke2 Qa3 39. Ng5 Qa1
40. Bc4+ Kf8 41. Ne6+ Ke8 42. Nxg7+ Kd7 43. Rd3+ Kc7 44. Ne6+ Kc6 45. Nxd8+ 1-0

[Event "C.to Provinciale CR"]
[Site "Crema ITA"]
[Date "2001.01.??"]
[Round "2"]
[White "Poletti, Fausto"]
[Black "Raimondi, Celso"]
[Result "1-0"]
[WhiteElo "1776"]
[BlackElo "1558"]
[PlyCount "93"]
[EventDate "2001.01.13"]

1. Nf3 Nf6 2. c4 g6 3. Nc3 Bg7 4. g3 d6 5. Bg2 e5 6. d3 O-O 7. O-O c6 8. Rb1
Re8 9. e4 Nh5 10. b4 f5 11. Qb3 h6 12. Nh4 Kh7 13. exf5 gxf5 14. b5 Nf4 15.
Bxf4 exf4 16. Rbe1 Be5 17. Re2 Rg8 18. Nf3 Qf6 19. Nb1 Nd7 20. Nbd2 Nc5 21. Qc2
Ne6 22. Nb3 Bd7 23. a4 Rac8 24. Nxe5 dxe5 25. Qb2 Nd4 26. Nxd4 exd4 27. Qd2
fxg3 28. fxg3 b6 29. Qf4 c5 30. Rfe1 Rge8 31. Bh3 Rxe2 32. Rxe2 Kg6 33. Re5 Rf8
34. Rd5 Be6 35. Rd6 Rd8 36. Rc6 Rd7 37. Bg2 Qf7 38. Bd5 Re7 39. Kf2 Kg7 40. Qd6
Kf6 41. a5 bxa5 42. Qxc5 Kg7 43. Qxd4+ Kh7 44. Qf4 a4 45. Qd6 a3 46. Bxe6 Qg7
47. Bxf5+ 1-0

[Event "C.to Provinciale CR"]
[Site "Crema ITA"]
[Date "2001.01.??"]
[Round "3"]
[White "Festa, Samuele"]
[Black "Poletti, Fausto"]
[Result "0-1"]
[WhiteElo "1663"]
[BlackElo "1776"]
[PlyCount "124"]
[EventDate "2001.01.13"]

1. d4 Nf6 2. c4 g6 3. Nc3 Bg7 4. e4 d6 5. Nf3 O-O 6. h3 e5 7. d5 Na6 8. Bg5 Qe8
9. Bd3 Nh5 10. Qd2 Nc5 11. Bc2 f5 12. b4 fxe4 13. Nxe4 Nxe4 14. Bxe4 Nf6 15.
Bxf6 Rxf6 16. Rb1 Rf4 17. Bd3 Bh6 18. Qe2 Qf7 19. Rb3 Bd7 20. Be4 a6 21. g3 Rf6
22. Kf1 Rf8 23. Kg2 Kh8 24. Rf1 Qe8 25. Nd2 Qc8 26. g4 Bxd2 27. Qxd2 Bxg4 28.
Bxg6 Bf3+ 29. Rxf3 Rxf3 30. Qh6 Qd7 31. Be4 R3f4 32. f3 R4f6 33. Qh4 Qg7+ 34.
Kh2 Rf4 35. Qe1 Rg8 36. Rg1 Qxg1+ 37. Qxg1 Rxg1 38. Kxg1 h5 39. a4 Kg7 40. Kf2
Kh6 41. Kg3 Kg5 42. Kf2 Rf8 43. Kg3 h4+ 44. Kf2 Kf4 45. Bg6 Rg8 46. Bh5 Rg3 47.
Bg4 b6 48. Ke2 a5 49. bxa5 bxa5 50. Kf2 e4 51. fxe4 Kxe4 52. Ke2 Rc3 53. Bd7
Rc2+ 54. Kf1 Rxc4 55. Bc6 Rd4 56. Ke2 Rd3 57. Bd7 Ra3 58. Bc6 Rxh3 59. Kf2 Rh2+
60. Kg1 Rd2 61. Kh1 Kf4 62. Kg1 Kg3 0-1

[Event "C.to Provinciale CR"]
[Site "Crema ITA"]
[Date "2001.01.??"]
[Round "3"]
[White "Raimondi, Celso"]
[Black "Righini, Giovanni"]
[Result "0-1"]
[WhiteElo "1558"]
[BlackElo "1728"]
[PlyCount "126"]
[EventDate "2001.01.13"]

1. d4 Nf6 2. c4 g6 3. Nc3 d5 4. Nf3 Bg7 5. Qb3 c6 6. Bg5 dxc4 7. Qxc4 Be6 8.
Qd3 O-O 9. e4 Nbd7 10. Be2 Nb6 11. b3 a5 12. O-O a4 13. Qc2 axb3 14. axb3 c5
15. dxc5 Nxe4 16. Rad1 Nxc3 17. Rxd8 Rfxd8 18. Bxe7 Rd7 19. Bd6 Ra2 20. Qxa2
Nxa2 21. Bb5 Bxb3 22. Re1 Rd8 23. Bc7 Rd1 24. cxb6 Rxe1+ 25. Nxe1 Nc3 26. Bc6
Bd5 27. Bxd5 Nxd5 28. Nc2 Bb2 29. Ne3 Nxe3 30. fxe3 Ba3 31. Kf2 Kf8 32. Kf3 Ke7
33. Ke4 Bd6 34. Bxd6+ Kxd6 35. h4 h5 36. Kf4 f6 37. g4 hxg4 38. Kxg4 Ke5 39.
Kf3 f5 40. Kg3 Ke4 41. Kf2 f4 42. exf4 Kxf4 43. Ke2 Kg4 44. Kd3 Kxh4 45. Kd4 g5
46. Kd5 g4 47. Kd6 g3 48. Kc7 g2 49. Kxb7 g1=Q 50. Ka6 Qa1+ 51. Kb7 Kg5 52. Kb8
Kf5 53. b7 Qc3 54. Ka7 Qa5+ 55. Kb8 Ke6 56. Kc8 Qc5+ 57. Kd8 Qb6+ 58. Kc8 Qc6+
59. Kb8 Kd6 60. Ka7 Qc7 61. Ka8 Qa5+ 62. Kb8 Kc6 63. Kc8 Qc7# 0-1

[Event "C.to Provinciale CR"]
[Site "Crema ITA"]
[Date "2001.01.??"]
[Round "4"]
[White "Righini, Giovanni"]
[Black "Festa, Samuele"]
[Result "1/2-1/2"]
[WhiteElo "1728"]
[BlackElo "1663"]
[PlyCount "89"]
[EventDate "2001.01.13"]

1. e4 c6 2. d4 d5 3. exd5 cxd5 4. c4 Nf6 5. Nc3 e6 6. Nf3 a6 7. Bg5 Be7 8. c5
b6 9. b4 a5 10. Bb5+ Bd7 11. Qa4 Bxb5 12. Qxb5+ Qd7 13. Qxb6 Bd8 14. Ne5 Bxb6
15. Nxd7 Nfxd7 16. cxb6 Nxb6 17. bxa5 Rxa5 18. a4 Nc6 19. Be3 Kd7 20. Ke2 Rha8
21. Rhd1 Nxa4 22. Rxa4 Rxa4 23. Nxa4 Rxa4 24. g4 f6 25. h4 e5 26. dxe5 Nxe5 27.
Rxd5+ Ke6 28. Rd4 Rxd4 29. Bxd4 Nxg4 30. Kf3 Kf5 31. Bb2 h6 32. Kg3 Ne5 33. Ba3
h5 34. Bc1 Nd3 35. Be3 g5 36. hxg5 fxg5 37. f3 h4+ 38. Kg2 Nf4+ 39. Kf2 Ke5 40.
Ba7 Kd5 41. Bb6 Kc4 42. Bd8 Ne6 43. Bf6 Kd5 44. Kg2 Nf4+ 45. Kh2 1/2-1/2

[Event "C.to Provinciale CR"]
[Site "Crema ITA"]
[Date "2001.01.??"]
[Round "5"]
[White "Festa, Samuele"]
[Black "Raimondi, Celso"]
[Result "1-0"]
[WhiteElo "1663"]
[BlackElo "1558"]
[PlyCount "97"]
[EventDate "2001.01.13"]

1. d4 Nf6 2. c4 g6 3. Nc3 Bg7 4. e4 d6 5. f3 O-O 6. Be3 e5 7. Nge2 c6 8. d5 a6
9. a4 c5 10. a5 b6 11. b4 bxa5 12. bxc5 dxc5 13. Bxc5 Re8 14. Qa4 Bf8 15. Bxf8
Rxf8 16. Qxa5 Qxa5 17. Rxa5 Nbd7 18. Kd2 Ne8 19. Nc1 Nd6 20. c5 Nb7 21. Rxa6
Rxa6 22. Bxa6 Nbxc5 23. Bb5 Ba6 24. Bxd7 Nxd7 25. Nd3 Rb8 26. Rb1 Rxb1 27. Nxb1
Kf8 28. Nb4 Nc5 29. Nxa6 Nxa6 30. Kc3 Ke7 31. Kc4 Kd6 32. Kb5 Nc5 33. Nd2 Nd7
34. Nc4+ Kc7 35. d6+ Kd8 36. Kc6 f6 37. Kd5 Nf8 38. h4 h6 39. g4 g5 40. hxg5
hxg5 41. Nb6 Ke8 42. Kc6 Kd8 43. d7 Ne6 44. Kd6 Nf8 45. Kc6 Ne6 46. Nd5 Nd4+
47. Kd6 Nxf3 48. Nb4 Nd4 49. Nc6+ 1-0

[Event "I Memorial Corrado Bitti B"]
[Site "Cagliari ITA"]
[Date "2001.03.17"]
[Round "1"]
[White "Abis, Mariano"]
[Black "Boi, Giuseppe"]
[Result "0-1"]
[WhiteElo "1500"]
[BlackElo "1509"]
[PlyCount "106"]
[EventDate "2001.03.17"]

1. d4 d5 2. c4 c6 3. Nc3 Nf6 4. h3 e6 5. e3 c5 6. Nf3 Nc6 7. Ne5 cxd4 8. exd4
Bb4 9. a3 Bxc3+ 10. bxc3 Nxe5 11. dxe5 Ne4 12. Qd4 b6 13. cxd5 Qxd5 14. Qxd5
exd5 15. c4 Be6 16. cxd5 Bxd5 17. Be3 O-O 18. Rd1 Rfd8 19. h4 h6 20. f3 Ng3 21.
Rh3 Nxf1 22. Kxf1 Bc4+ 23. Ke1 Rxd1+ 24. Kxd1 Rd8+ 25. Kc2 Be6 26. Rg3 h5 27.
Bc1 Bf5+ 28. Kb3 a6 29. f4 Be6+ 30. Kb2 b5 31. Rc3 a5 32. g3 b4 33. axb4 axb4
34. Rf3 g6 35. Re3 Ra8 36. Kb1 Ra2 37. Bb2 b3 38. Rc3 Ra8 39. Rc7 Rd8 40. Rc3
Rd1+ 41. Bc1 Kf8 42. Kb2 Bd5 43. Rc5 Ke7 44. Rc3 Ke6 45. Re3 Kf5 46. Re2 Kg4
47. Rd2 Rxd2+ 48. Bxd2 Kxg3 49. Bc3 Kxh4 50. Bd4 Kg3 51. Be3 h4 52. Kc3 h3 53.
Bc1 h2 0-1

[Event "I Memorial Corrado Bitti B"]
[Site "Cagliari ITA"]
[Date "2001.03.17"]
[Round "1"]
[White "Casti, Alessio"]
[Black "Cirina, Gianluca"]
[Result "1-0"]
[WhiteElo "1675"]
[BlackElo "1690"]
[PlyCount "115"]
[EventDate "2001.03.17"]

1. e4 d5 2. exd5 Qxd5 3. Nc3 Qa5 4. d4 Nf6 5. Nf3 Bg4 6. h3 Bf5 7. Bc4 e6 8.
Bd2 c6 9. Qe2 Qd8 10. O-O-O Be7 11. g4 Bg6 12. Rhe1 Nd5 13. Ne5 O-O 14. f4 Bf6
15. Rf1 Bxe5 16. dxe5 Ne7 17. f5 b5 18. Bd3 b4 19. Nb1 Qa5 20. fxg6 hxg6 21.
Bc4 Nd5 22. Bxd5 cxd5 23. a3 Nc6 24. Rf4 d4 25. Bxb4 Nxb4 26. axb4 Qxb4 27.
Rfxd4 Qa5 28. Qe1 Qc5 29. R4d3 Rab8 30. Qe3 Rb5 31. Qxc5 Rxc5 32. Re3 Rfc8 33.
Rc3 f5 34. exf6 gxf6 35. Rxc5 Rxc5 36. Rd8+ Kh7 37. Rd7+ Kh6 38. Rxa7 f5 39. b4
Rb5 40. c3 f4 41. Ra5 Rb8 42. Kd2 Rd8+ 43. Ke2 Kg7 44. Nd2 Rh8 45. Ra7+ Kf6 46.
Ne4+ Ke5 47. Nf2 Kd5 48. Kd3 Rd8 49. c4+ Ke5+ 50. Kc3 f3 51. b5 Kf4 52. b6 Ke3
53. Ra2 e5 54. b7 Rb8 55. Rd2 e4 56. c5 g5 57. c6 Kf4 58. Nxe4 1-0

[Event "I Memorial Corrado Bitti B"]
[Site "Cagliari ITA"]
[Date "2001.03.17"]
[Round "1"]
[White "Cerioni, Armando"]
[Black "Deruda, Leonardo"]
[Result "0-1"]
[WhiteElo "1413"]
[BlackElo "1669"]
[PlyCount "76"]
[EventDate "2001.03.17"]

1. e4 c5 2. Nf3 Nc6 3. Nc3 g6 4. d4 cxd4 5. Nxd4 Bg7 6. Be3 Nf6 7. f3 O-O 8.
Qd2 d5 9. Nxc6 bxc6 10. Bh6 Bxh6 11. Qxh6 dxe4 12. fxe4 Qb6 13. O-O-O Rb8 14.
b3 Ng4 15. Qd2 Be6 16. h3 Rfd8 17. Qe1 Rxd1+ 18. Nxd1 Nf6 19. Bd3 c5 20. Nc3 c4
21. bxc4 Qb2+ 22. Kd2 Rd8 23. Ke3 Qb6+ 24. Kf3 Qd4 25. Nd5 Rd7 26. Qa1 Qc5 27.
Nxf6+ exf6 28. Qxf6 Bxc4 29. Qc3 Rd4 30. Rd1 Rxe4 31. Bxe4 Be2+ 32. Kxe2 Qxc3
33. Rd8+ Kg7 34. Ra8 Qc4+ 35. Kf3 Qxa2 36. Kf4 f5 37. Bd5 Qxd5 38. Rxa7+ Kh6
0-1

[Event "I Memorial Corrado Bitti B"]
[Site "Cagliari ITA"]
[Date "2001.03.17"]
[Round "1"]
[White "Collu, Giuseppe"]
[Black "Sitzia, Carlo"]
[Result "1-0"]
[WhiteElo "1503"]
[BlackElo "1482"]
[PlyCount "57"]
[EventDate "2001.03.17"]

1. e4 d6 2. d4 Nf6 3. Nc3 g6 4. Nf3 Bg7 5. h3 O-O 6. Bc4 Nbd7 7. O-O c5 8. e5
Ne8 9. e6 fxe6 10. Bxe6+ Kh8 11. Ng5 Qc7 12. Nd5 Qd8 13. Nf7+ Rxf7 14. Bxf7
Bxd4 15. Bg5 Nef6 16. c3 Nxd5 17. cxd4 N5f6 18. dxc5 Nxc5 19. Re1 Nce4 20.
Bxf6+ Nxf6 21. Be6 Bxe6 22. Rxe6 Rc8 23. Rc1 Qf8 24. Rxc8 Qxc8 25. Rxe7 Qd8 26.
Rxb7 d5 27. Qd4 Kg8 28. Qxa7 Ne8 29. Rb8 1-0

[Event "I Memorial Corrado Bitti B"]
[Site "Cagliari ITA"]
[Date "2001.03.17"]
[Round "1"]
[White "Contu, Gianni"]
[Black "Pili, Erika"]
[Result "1/2-1/2"]
[WhiteElo "1603"]
[BlackElo "1606"]
[PlyCount "25"]
[EventDate "2001.03.17"]

1. d4 d5 2. Nf3 Nf6 3. c3 Bf5 4. Bf4 e6 5. Nbd2 Bd6 6. Ne5 O-O 7. Ndf3 Nbd7 8.
e3 c5 9. Nxf7 Rxf7 10. Bxd6 c4 11. Ng5 Ne4 12. Nxf7 Kxf7 13. Bg3 1/2-1/2

[Event "I Memorial Corrado Bitti B"]
[Site "Cagliari ITA"]
[Date "2001.03.17"]
[Round "1"]
[White "Enis, Aldo"]
[Black "Sanfilippo, Carlo"]
[Result "1/2-1/2"]
[WhiteElo "1504"]
[BlackElo "1533"]
[PlyCount "76"]
[EventDate "2001.03.17"]

1. d4 d5 2. c4 e6 3. Nc3 Nf6 4. Nf3 Nbd7 5. e3 Bb4 6. Bd2 O-O 7. Be2 dxc4 8.
Bxc4 Nb6 9. Bd3 Bxc3 10. Bxc3 Nbd5 11. Bd2 b6 12. O-O Bb7 13. Ne5 Qd6 14. Rc1
c5 15. Nf3 Rac8 16. Qe2 h6 17. Bb1 cxd4 18. Nxd4 Nf4 19. exf4 Qxd4 20. Bc3 Qxf4
21. Rcd1 Qg5 22. f3 Rxc3 23. bxc3 Qc5+ 24. Kh1 Qxc3 25. Rd2 Ba6 26. Qxa6 Qxd2
27. Qxa7 Nd5 28. Qa4 Ne3 29. Rg1 Rd8 30. Qb3 Nd1 31. h3 Nf2+ 32. Kh2 Qd6+ 33.
g3 Qd5 34. Qxb6 Nxh3 35. Be4 Qg5 36. Kxh3 Qh5+ 37. Kg2 Rd2+ 38. Kf1 Rd1+
1/2-1/2

[Event "I Memorial Corrado Bitti B"]
[Site "Cagliari ITA"]
[Date "2001.03.17"]
[Round "1"]
[White "Favini, Giovanni"]
[Black "Unterreitmeir, Max"]
[Result "1-0"]
[WhiteElo "1588"]
[BlackElo "1563"]
[PlyCount "49"]
[EventDate "2001.03.17"]

1. d4 f5 2. e3 Nf6 3. Bd3 e6 4. Nf3 Be7 5. c4 O-O 6. O-O b6 7. Nc3 Bb7 8. Be2
c5 9. b3 a6 10. Ba3 Qc7 11. h3 Nc6 12. dxc5 bxc5 13. Bb2 Rad8 14. a3 d5 15.
cxd5 exd5 16. Qc2 Ne4 17. Rfd1 Nxc3 18. Qxc3 Bf6 19. Qc2 Bxb2 20. Qxb2 f4 21.
exf4 Qxf4 22. Qc1 Ne5 23. Qxf4 Nxf3+ 24. Qxf3 Rxf3 25. Bxf3 1-0

[Event "I Memorial Corrado Bitti B"]
[Site "Cagliari ITA"]
[Date "2001.03.17"]
[Round "1"]
[White "Lai, Luca"]
[Black "Corona, Danilo"]
[Result "0-1"]
[WhiteElo "1542"]
[BlackElo "1566"]
[PlyCount "70"]
[EventDate "2001.03.17"]

1. e4 d5 2. exd5 Nf6 3. Bc4 Nxd5 4. Nc3 Nf6 5. d3 Nc6 6. Bf4 a6 7. a3 b5 8. Qf3
Bb7 9. Nxb5 axb5 10. Bxb5 Qd5 11. Bxc6+ Bxc6 12. Bxc7 Qxf3 13. gxf3 e6 14. Kd2
Bc5 15. Bg3 O-O 16. h4 Rfd8 17. Rh2 Bb5 18. Bf4 Nd5 19. Be3 Bd6 20. Rg2 Nf4 21.
Rg4 e5 22. Ne2 f5 23. Rg5 Nxe2 24. Kxe2 g6 25. Rag1 Kf7 26. h5 Rg8 27. hxg6+
hxg6 28. Ra1 Be7 29. Rg2 f4 30. Bd2 Rgc8 31. c4 Ba4 32. b4 Rd8 33. Bc3 Bc2 34.
Bxe5 Bxd3+ 35. Kd1 Bf1+ 0-1

[Event "I Memorial Corrado Bitti B"]
[Site "Cagliari ITA"]
[Date "2001.03.17"]
[Round "1"]
[White "Loi, Francesco"]
[Black "Collu, Silvano"]
[Result "1-0"]
[WhiteElo "1395"]
[BlackElo "1434"]
[PlyCount "107"]
[EventDate "2001.03.17"]

1. d4 Nf6 2. c4 g6 3. Nf3 Bg7 4. e3 d5 5. b3 c6 6. Nbd2 O-O 7. Be2 Bg4 8. h3
Bxf3 9. Nxf3 Nbd7 10. g4 Ne4 11. Qc2 e5 12. b4 exd4 13. exd4 Re8 14. Be3 b6 15.
Bd3 Ng5 16. Be2 Nxf3+ 17. Bxf3 Bxd4 18. Rd1 Bxe3 19. fxe3 Rxe3+ 20. Be2 Nf6 21.
O-O Qd6 22. Bf3 Qg3+ 23. Qg2 Qxg2+ 24. Kxg2 dxc4 25. Bxc6 Re2+ 26. Kh1 Nxg4 27.
Bxa8 Ne3 28. Rd8+ Kg7 29. Ra1 c3 30. Rc8 c2 31. Rc1 Rd2 32. Bf3 Rd1+ 33. Bxd1
cxd1=Q+ 34. Rxd1 Nxd1 35. Ra8 f5 36. Rxa7+ Kf6 37. Kg2 Ne3+ 38. Kf3 Nd5 39. b5
h6 40. Rb7 Kg5 41. a4 Kh4 42. Rh7 Kg5 43. Rd7 Nc3 44. a5 bxa5 45. b6 Ne4 46. b7
Nc5 47. b8=Q Nxd7 48. Qd8+ Nf6 49. h4+ Kxh4 50. Qxf6+ Kh5 51. Kf4 g5+ 52. Kxf5
a4 53. Qa1 g4 54. Qh1# 1-0

[Event "I Memorial Corrado Bitti B"]
[Site "Cagliari ITA"]
[Date "2001.03.17"]
[Round "1"]
[White "Mascia, Giancarlo"]
[Black "Ponti, Mario"]
[Result "0-1"]
[WhiteElo "1356"]
[BlackElo "1582"]
[PlyCount "90"]
[EventDate "2001.03.17"]

1. d4 d5 2. e3 c5 3. c4 e6 4. Nc3 Nf6 5. Nf3 cxd4 6. exd4 Be7 7. Be2 O-O 8. O-O
b6 9. cxd5 Nxd5 10. Nxd5 Qxd5 11. Be3 Nd7 12. Qd2 Bb7 13. Rfc1 Rac8 14. b3 Nf6
15. Bc4 Qh5 16. Be2 Bd6 17. Bf4 Bxf4 18. Qxf4 Nd5 19. Qe5 Qh6 20. Rxc8 Rxc8 21.
Qg5 Qxg5 22. Nxg5 Rc2 23. Bd3 Rd2 24. Bxh7+ Kh8 25. Be4 f5 26. Bf3 Bc8 27. Rc1
Bd7 28. Bxd5 exd5 29. h3 Kg8 30. Rc7 Be8 31. Rc8 Re2 32. Rd8 g6 33. a3 Kg7 34.
Rxd5 Kh6 35. h4 Kh5 36. g3 Re1+ 37. Kg2 Bc6 38. f3 Bxd5 39. Nh3 Bxb3 40. d5 Rd1
41. Nf2 Rxd5 42. Kh3 Bd1 43. g4+ fxg4+ 44. fxg4+ Bxg4+ 45. Nxg4 Rd3+ 0-1

[Event "I Memorial Corrado Bitti B"]
[Site "Cagliari ITA"]
[Date "2001.03.17"]
[Round "1"]
[White "Mulas, Gianmarco"]
[Black "Palmieri, Roberto"]
[Result "1-0"]
[WhiteElo "1600"]
[BlackElo "1564"]
[PlyCount "81"]
[EventDate "2001.03.17"]

1. Nf3 c5 2. e4 d6 3. d4 cxd4 4. Nxd4 Nf6 5. Nc3 a6 6. Bg5 e6 7. f4 Nc6 8. Nxc6
bxc6 9. e5 dxe5 10. Qxd8+ Kxd8 11. fxe5 h6 12. O-O-O+ Kc7 13. Bxf6 gxf6 14.
exf6 Bb7 15. Be2 Bc5 16. Bh5 Raf8 17. Rd3 Rhg8 18. Ne4 Bb6 19. Nd6 c5 20. Nxb7
Kxb7 21. Rd7+ Kc6 22. Rhd1 Bc7 23. g3 Rd8 24. Bxf7 Rxd7 25. Bxg8 Rxd1+ 26. Kxd1
Kd6 27. Bh7 Bd8 28. f7 Be7 29. Ke2 Ke5 30. Bd3 a5 31. Bb5 Kf6 32. Be8 Bf8 33.
Kd3 Ke5 34. Kc4 Kd6 35. Kb5 e5 36. Kxa5 Kd5 37. Bd7 e4 38. Bg4 Kc6 39. c3 Be7
40. b4 cxb4 41. cxb4 1-0

[Event "I Memorial Corrado Bitti B"]
[Site "Cagliari ITA"]
[Date "2001.03.17"]
[Round "1"]
[White "Pais, Mario"]
[Black "Abis, Josto"]
[Result "1/2-1/2"]
[WhiteElo "1467"]
[BlackElo "1512"]
[PlyCount "84"]
[EventDate "2001.03.17"]

1. e4 e5 2. Nf3 Nc6 3. d4 exd4 4. Nxd4 Nxd4 5. Qxd4 d6 6. Bc4 Nf6 7. Bg5 Be7 8.
Nc3 O-O 9. O-O-O h6 10. Be3 Ng4 11. Kb1 Bf6 12. Qd2 Nxe3 13. Qxe3 Bxc3 14. Qxc3
Qe7 15. Qe3 Re8 16. Rde1 Bd7 17. Bd3 Qf6 18. Qd2 a5 19. Re3 b5 20. Rf3 Qe5 21.
Qc3 Qxc3 22. bxc3 Re5 23. Ka1 Rae8 24. Rb1 c6 25. Re3 d5 26. exd5 Rxe3 27. fxe3
cxd5 28. Bxb5 Bxb5 29. Rxb5 Rxe3 30. Rxd5 a4 31. Rd4 Re2 32. Kb2 Rxg2 33. c4
Rg6 34. Rd8+ Kh7 35. Rc8 f5 36. Rc5 f4 37. Rf5 Rf6 38. Rxf6 gxf6 39. c5 f3 40.
c6 f2 41. c7 f1=Q 42. c8=Q Qb5+ 1/2-1/2

[Event "I Memorial Corrado Bitti B"]
[Site "Cagliari ITA"]
[Date "2001.03.17"]
[Round "1"]
[White "Putzolu, Marcello"]
[Black "Scarteddu, Marco"]
[Result "0-1"]
[WhiteElo "1615"]
[BlackElo "1615"]
[PlyCount "174"]
[EventDate "2001.03.17"]

1. d4 Nf6 2. c4 g6 3. Nc3 d5 4. Bg5 Bg7 5. e3 c6 6. Nf3 O-O 7. Be2 Nbd7 8. O-O
Re8 9. Rc1 Nf8 10. cxd5 cxd5 11. Nb5 Ne6 12. Bh4 a6 13. Na3 Ne4 14. Nd2 Nxd2
15. Qxd2 Bd7 16. Bf3 Bc6 17. Nc2 a5 18. Rfe1 g5 19. Bg3 f5 20. Be5 g4 21. Be2
Ng5 22. Qd3 e6 23. b4 axb4 24. Nxb4 Ba4 25. Bxg7 Kxg7 26. Rc5 Ne4 27. Rcc1 Qd7
28. Bd1 Bb5 29. Qb3 Nd2 30. Qc3 Nc4 31. Bb3 Rec8 32. Qa1 Qd6 33. Nc2 Na5 34.
Qb2 b6 35. Rb1 Bd3 36. Rec1 b5 37. Ra1 Nc4 38. Bxc4 Bxc4 39. Qb4 Qxb4 40. Nxb4
Ra4 41. a3 Rca8 42. Nc2 h5 43. g3 Kg6 44. Rab1 Bd3 45. Ra1 Bxc2 46. Rxc2 b4 47.
Kg2 Rxa3 48. Rb1 b3 49. Rc3 Rb8 50. Rb2 Rb6 51. Rb1 Kf6 52. Kf1 e5 53. Ke2 Ra2+
54. Kf1 b2 55. Rd3 Ra1 56. Rdd1 Rxb1 57. Rxb1 exd4 58. exd4 Rb4 59. Ke2 Rxd4
60. Rxb2 f4 61. gxf4 Rxf4 62. Rb6+ Kg5 63. Rb3 h4 64. Rb8 Re4+ 65. Kd2 Re5 66.
Kd3 Kf4 67. Rh8 h3 68. Rf8+ Rf5 69. Rg8 Kf3 70. Rg6 Rf4 71. Ra6 Kxf2 72. Ra2+
Kf3 73. Rb2 g3 74. hxg3 Kxg3 75. Ke3 d4+ 76. Kd3 h2 77. Rb1 Kg2 78. Rb2+ Rf2
79. Rb8 h1=Q 80. Rg8+ Kf1 81. Rb8 Qf3+ 82. Kc4 d3 83. Rb1+ Kg2 84. Kd4 Qf4+ 85.
Kc3 Rf3 86. Rb5 Qc7+ 87. Kd4 Qc1 0-1

[Event "I Memorial Corrado Bitti B"]
[Site "Cagliari ITA"]
[Date "2001.03.18"]
[Round "2"]
[White "Boi, Giuseppe"]
[Black "Deruda, Leonardo"]
[Result "0-1"]
[WhiteElo "1509"]
[BlackElo "1669"]
[PlyCount "128"]
[EventDate "2001.03.17"]

1. e4 c5 2. Nc3 Nc6 3. Nf3 g6 4. d4 cxd4 5. Nxd4 Bg7 6. Be3 Nf6 7. Be2 O-O 8.
Qd2 d5 9. Nxc6 bxc6 10. exd5 Nxd5 11. Nxd5 cxd5 12. c3 Qa5 13. O-O e6 14. Rfd1
Ba6 15. Bxa6 Qxa6 16. Bh6 Bxh6 17. Qxh6 Qe2 18. Rd2 Qe5 19. Rd4 Rfb8 20. Qd2
Rb7 21. Rc1 Rab8 22. b3 Rc7 23. Re1 Qf6 24. h3 Rbc8 25. Re3 Qg5 26. Ra4 Qf6 27.
Qd4 Qxd4 28. cxd4 Rc1+ 29. Kh2 R8c7 30. Re2 R1c3 31. Kg1 Kg7 32. Kf1 Kf6 33.
Re3 Rxe3 34. fxe3 Kf5 35. Ke2 Ke4 36. Kd2 Kf5 37. Ra5 Kg5 38. Rc5 Rb7 39. Rc3
Kh4 40. Rc2 Kg3 41. Kd3 f5 42. Rb2 Rc7 43. b4 h5 44. a4 Rc4 45. a5 a6 46. b5
axb5 47. Rxb5 Kxg2 48. Rb6 Kxh3 49. Rxe6 g5 50. Re5 Kg4 51. Rxd5 Rc8 52. Rc5
Ra8 53. d5 h4 54. d6 h3 55. Kd4 h2 56. Rc1 Kg3 57. Ra1 Kh3 58. Rc1 g4 59. a6 g3
60. Ke5 g2 61. d7 Rd8 62. Kf4 Rxd7 63. Rc8 g1=Q 64. Rh8+ Kg2 0-1

[Event "I Memorial Corrado Bitti B"]
[Site "Cagliari ITA"]
[Date "2001.03.18"]
[Round "2"]
[White "Cerioni, Armando"]
[Black "Abis, Mariano"]
[Result "1-0"]
[WhiteElo "1413"]
[BlackElo "1500"]
[PlyCount "101"]
[EventDate "2001.03.17"]

1. e4 c6 2. d4 d5 3. Nc3 e6 4. Nf3 Be7 5. exd5 cxd5 6. Bf4 Nf6 7. Bd3 Bd6 8.
Ne2 O-O 9. Bg3 Ne4 10. c3 f5 11. Qc2 Rf7 12. Ne5 Rf6 13. f3 Nxg3 14. hxg3 Nc6
15. Nxc6 bxc6 16. g4 g6 17. gxf5 exf5 18. Qd2 Qe7 19. Kf2 a5 20. Rh3 Ba6 21.
Bxa6 Rxa6 22. Rah1 Rf7 23. Nf4 Bxf4 24. Qxf4 Rb6 25. b3 c5 26. Re1 Re6 27. Rxe6
Qxe6 28. dxc5 Re7 29. Qd2 Rc7 30. b4 axb4 31. cxb4 Ra7 32. Rh1 Rd7 33. Qe3 Qc6
34. a3 d4 35. Qe8+ Kg7 36. Re1 Qd5 37. Re7+ Rxe7 38. Qxe7+ Kh6 39. Qd6 Qc4 40.
c6 d3 41. c7 Qc2+ 42. Kg3 d2 43. c8=Q Qxc8 44. Qxd2+ g5 45. Qd4 Qe6 46. Kh2 f4
47. Qc3 Qa6 48. Qb3 Qe2 49. b5 g4 50. fxg4 Qxg4 51. Qh3+ 1-0

[Event "I Memorial Corrado Bitti B"]
[Site "Cagliari ITA"]
[Date "2001.03.18"]
[Round "2"]
[White "Cirina, Gianluca"]
[Black "Unterreitmeir, Max"]
[Result "1-0"]
[WhiteElo "1690"]
[BlackElo "1563"]
[PlyCount "55"]
[EventDate "2001.03.17"]

1. e4 e5 2. f4 exf4 3. Nf3 Be7 4. Bc4 Bh4+ 5. Kf1 d6 6. d4 Bg4 7. Bxf4 Qf6 8.
Be3 Bxf3 9. Qxf3 Qxf3+ 10. gxf3 Ne7 11. Rg1 Ng6 12. Nc3 c6 13. f4 Rg8 14. Rg4
Be7 15. f5 Nh8 16. Ke2 Nd7 17. a4 g6 18. Rag1 Nf6 19. R4g3 O-O-O 20. fxg6 Rxg6
21. Rxg6 fxg6 22. Be6+ Kc7 23. d5 c5 24. b4 a6 25. bxc5 dxc5 26. e5 Ne8 27. d6+
Nxd6 28. Nd5+ 1-0

[Event "I Memorial Corrado Bitti B"]
[Site "Cagliari ITA"]
[Date "2001.03.18"]
[Round "2"]
[White "Collu, Silvano"]
[Black "Abis, Josto"]
[Result "0-1"]
[WhiteElo "1434"]
[BlackElo "1512"]
[PlyCount "74"]
[EventDate "2001.03.17"]

1. c4 e6 2. d4 d5 3. cxd5 exd5 4. Nc3 Nf6 5. Nf3 c6 6. e3 Bd6 7. Bd3 Bg4 8. O-O
O-O 9. Be2 Qc7 10. h3 Bf5 11. Nh4 Be6 12. Bd3 Re8 13. Nf5 Bb4 14. a3 Bxc3 15.
bxc3 Ne4 16. Bxe4 dxe4 17. Ng3 Bd5 18. Qc2 Bc4 19. Rd1 Qe7 20. a4 Qe6 21. Qb2
b6 22. Qb4 Na6 23. Qa3 Rad8 24. Qb2 Rd5 25. Nf1 Rg5 26. Ng3 h5 27. Kh2 Qd6 28.
Kh1 h4 29. Ne2 Nc5 30. Nf4 Nd3 31. Qd2 Qd7 32. Ba3 Qf5 33. Nxd3 Bxd3 34. Rg1
Rh5 35. Kh2 g5 36. g3 hxg3+ 37. fxg3 Qxh3# 0-1